عرض عادي عرض مارك

مدخل Personal Name

عدد التسجيلات المستخدمة في: 1

001 - CONTROL NUMBER

  • control field: 3321

003 - CONTROL NUMBER IDENTIFIER

  • control field: EG-GiCUC

005 - DATE AND TIME OF LATEST TRANSACTION

  • control field: 20240219142534.0

008 - FIXED-LENGTH DATA ELEMENTS

  • fixed length control field: 120618n| acannaabn |b aaa d

040 ## - CATALOGING SOURCE

  • Original cataloging agency: EG-GiCUC
  • Language of cataloging: ara
  • Transcribing agency: EG-GiCUC

100 1# - HEADING--PERSONAL NAME

  • Personal name: ابن الأثير، ضياء الدين نصر الله بن محمد،
  • Dates associated with a name: 1163-1239

400 1# - SEE FROM TRACING--PERSONAL NAME

  • Personal name: ابن الأثير، ضياء الدين نصر الله بن محمد

400 0# - SEE FROM TRACING--PERSONAL NAME

  • Personal name: ضياء الدين نصر الله بن محمد بن الأثير

670 ## - SOURCE DATA FOUND

  • Source citation: المثل السائر فى ادب الكاتب والشاعر، 1973،
  • Information found: ص.ع. )ضياء الدين ابن الاثير(

700 10 - ESTABLISHED HEADING LINKING ENTRY--PERSONAL NAME

  • Personal name: Ibn al-Athir̄, Ḍiyaʼ̄ al-Din̄ Naṣr Allah̄ ibn Muḥammad,
  • Dates associated with a name: 1163-1239

907 ## -

  • : .a1003349x
  • : 18-06-12
  • : 18-06-12
  • : -
  • : -

955 ## -

  • : رضا
  • : مدخل
Cairo University Libraries Portal Implemented & Customized by: Eng. M. Mohamady Contacts: new-lib@cl.cu.edu.eg | cnul@cl.cu.edu.eg
CUCL logo CNUL logo
© All rights reserved — Cairo University Libraries
CUCL logo
Implemented & Customized by: Eng. M. Mohamady Contact: new-lib@cl.cu.edu.eg © All rights reserved — New Central Library
CNUL logo
Implemented & Customized by: Eng. M. Mohamady Contact: cnul@cl.cu.edu.eg © All rights reserved — Cairo National University Library